| 000 | 00869nam a2200253 i 4500 | ||
|---|---|---|---|
| 001 | 8821 | ||
| 003 | KOSZ 005 | ||
| 005 | 20200420123920.0 | ||
| 008 | 070708s1970 pl a f 000 0 pol | ||
| 015 | _aPB 1970/5456 | ||
| 040 |
_aWA N _cKOSZ 005/RW _dKOSZ 005/RW |
||
| 080 | _a669.1:620.1:621.38 | ||
| 245 | 0 | 0 |
_aAtlas mikrostruktur stali : _bmikroskop elektronowy / _cFryderyk Staub [et al.] ; red. F. Staub. |
| 260 |
_aKatowice : _bŚląsk, _c1970. |
||
| 300 |
_a211, [1] s. : _bil. ; _c27 cm. |
||
| 380 | _aKsiążki. | ||
| 504 | _aBibliogr. s. 211-[212]. | ||
| 650 | 4 | _aStal | |
| 650 | 4 | _aMikrostruktura | |
| 700 | 1 |
_aStaub, Fryderyk _d(1899-1982). _eRedakcja |
|
| 710 | 2 |
_aWydawnictwo "Śląsk" _4pbl. |
|
| 856 |
_uhttp://koha.tu.koszalin.pl/cgi-bin/koha/opac-detail.pl?biblionumber=8821 _yKatalog online BPK |
||
| 942 |
_2UKD _cKS |
||
| 999 |
_c8821 _d8821 |
||